Turn-Based Video Game Franchises - Statistics

General Stats
  • This quiz has been taken 17 times
  • The average score is 6 of 10
Answer Stats
Hint Answer % Correct
Based off a children's card game and anime whose mascot is an electric yellow mouse. Characters include Misty, Brock, and Nurse Joy. Pokémon
93%
This series name is an oxymoron with how many have been made. A classic JRPG series. Final Fantasy
87%
Very popular Japanese video game series with eleven entries and multiple spinoffs. Has a slime as its' mascot. Dragon Quest
73%
A series that started in Japan with classic swords/lance/axes style gameplay. The Blazing Blade was the first US and European released. Series with Marth, Roy, Ike, Byleth etc. Fire Emblem
73%
Video game series where you raise a nation from prehistory to the modern age, investing in different technologies and including diplomacy, trading, and religion. Civilization
67%
A spinoff of the Mario franchise that has very thin characters. Its most popular game in the series is the "Thousand Year Door". Paper Mario
67%
Battle Aliens with soldiers of different classes and weaponry. Many games in the series include base maintenance and technology development mechanics. Also, lots of UFOs. XCOM
60%
Another card game that has multiple methods off summoning such as synchro summoning, fusion summoning, xyz summoning, and link summoning. Characters include Seto Kaiba, Joey Wheeler, and Mai Valentine YuGiOh
53%
A popular series that includes the characters initially fighting to stop, and then fighting to bring alchemy back to a shrinking world. Characters include Isaac, Felix, Sheba, Jenna. Golden Sun
27%
A game series that takes place on Europa and is a parallel of WW2 with the Atlantic Federation fighting the East European Imperial Alliance, with the tiny nation of Gallia caught in between. Characters include Welkin Gunther, Claude Wallace. Valkyria Chronicles
7%
No matching quizzes found
Score Distribution
Percent of People with Each Score
Percentile by Number Answered
Your Score History
You have not taken this quiz